000 00826nam a22001817a 4500
003 UA-OsUOA
001 14136
007 ta
008 20030723b un ||||| |||| 00| 0 ukr d
100 _aМельник Н.
942 _cSA
040 _aUA-OsUOA
_cUA-OsUOA
_dUA-OsUOA
245 _aВпроваджуємо нові форми навчання та виховання: [Про важливість та актуальність дослідж. освітян пробл. в Костопіл. р-ні розповіла зав. район. метод. кабінетом Н.Мельник]
_cН. Мельник; /Розмовляла Т.Левчук
300 _aС.3
955 _a0
773 0 _w0
_tВічеве слово
_dКостопіль
_d2003
_g№24/14 черв./
650 7 _aКраєзнавча робота
_2UDC
999 _c300297
_d300297